000 01295nam a22002297a 4500
001 1459
005 20230825112129.0
008 230825b cb ||||| |||| 00| 0 eng d
020 _a9781408341933
040 _aFISKH
_beng
082 _a823.92
100 _aMeres, Jonathan
245 _aThe world of norm includes delivery
_cJonathan Meres
260 _aLondon :
_bOrchard,
_c2016
300 _a251 pages, 20 unnumbered pages :
_billustrations ;
_c20 cm
490 _aThe World of Norm
505 _aH
520 _aThe tenth hilarious title in the award-winning, laugh-out-loud series, The World of Norm. Perfect for fans of Tom Gates and Diary of a Wimpy Kid. Norm knew it was going to be one of those days when he lost his house... But even when he finds it, things don't get much better. What could be worse than imagining your parents at a salsa dancing event - with your best friend?! Norm's not sure what's got into Mikey, but he suspects hormones may be involved. Flipping typical! With brilliantly funny illustrations throughout from Donough O'Malley. Praise for Jonathan Meres: 'Hilarious stuff from one of my comic heroes!' - Harry Hill 'Jonathan Meres is flipping funny!' - Eddie Izzard
521 _a510
_bLexile estimate
521 _aH
_bRaz-Plus
942 _2ddc
_cBK
_n0
999 _c1459
_d1459